01390nab a22002297a 4500999001500000003000400015005001700019008004100036040000700077100003100084245018700115300001300302505046600315505007200781650003500853650002800888650005800916650002700974700004201001773010401043942001301147 c5850d5850OSt20260108215302.0190514b xxu||||| |||| 00| 0 spa d cPJ 95951aBeguiristain, Camila10a¿Antagonismo procesal o resistencia judicial? :bhacia una garantía efectiva de la defensa técnica de las niñeces y adolescencias /cCamila Beguiristain, Sabrina Anabel Silva. ap. 57-74 aSumario: I. Introducción.— II. El derecho de acceso a la justicia y a los recursos efectivos como derecho implícito de la CDN.— III. La justicia adaptada como componente fundamental de la protección especial.— IV. El ejercicio del derecho a la defensa técnica en el Cód. Civ. y Com.— V. Defensa técnica y representación legal.— VI. De (re)interpretaciones necesarias: la figura de tutxr especial.— VII. Brevísimas palabras de cierre. tSi te interesa el texto, comunicate a koha@justierradelfuego.gov.ar 091497aCODIGO CIVIL Y COMERCIAL 09967aDERECHO DE FAMILIA 092741aDERECHOS DE LAS NIÑAS, NIÑOS Y ADOLESCENTES 09586aDEFENSA EN JUICIO 96683aSilva, Sabrina Anabel ecoautor0 0284493222dBuenos Aires : AbeledoPerrot, 1989-tDerecho de familia. N° 120 - Julio 2025z18511201 2udccANA